| Tag |
First Indicator |
Second Indicator |
Subfields |
| LEADER |
00000cam a2200000 4500 |
| 001 |
in00000039129 |
| 005 |
20151007081525.0 |
| 008 |
720315s1956 eng u |
| 010 |
|
|
|a 56012464
|
| 035 |
|
|
|a (OCoLC)00263689
|
| 035 |
|
|
|9 AAF6514AM
|
| 040 |
|
|
|c WSU
|d TXA
|d UtOrBLW
|
| 049 |
|
|
|a TXAM
|c [276865]
|
| 090 |
|
|
|a HV640
|b .S7
|
| 092 |
|
|
|a 325.12
|b S872r
|
| 100 |
1 |
|
|a Stoessinger, John George.
|
| 245 |
1 |
4 |
|a The refugee and the world community.
|
| 264 |
|
1 |
|a [Place of publication not identified] :
|b University of Minnesota Press,
|c [1956]
|
| 300 |
|
|
|a 239 pages
|
| 336 |
|
|
|a text
|b txt
|2 rdacontent
|
| 337 |
|
|
|a unmediated
|b n
|2 rdamedia
|
| 338 |
|
|
|a volume
|b nc
|2 rdacarrier
|
| 504 |
|
|
|a Bibliography: pages 227-233.
|
| 650 |
|
0 |
|a Political refugees.
|
| 999 |
|
|
|a MARS
|
| 999 |
f |
f |
|s c365019f-22c9-3bc8-9714-b6c664bbc44e
|i a3dfb350-01cd-376c-8b6a-8961bd351be2
|t 0
|
| 952 |
f |
f |
|p ric
|a Texas A&M University
|b Rellis Campus
|c Joint Library Facility
|d Remote Storage
|t 0
|e HV640 .S7
|h Library of Congress classification
|i unmediated -- volume
|m A14800668520
|
| 998 |
f |
f |
|a HV640 .S7
|t 0
|l Remote Storage
|